000 01067nam a2200265 a 4500
001 691
003 BR-CuiBMT
005 20231127162641.0
008 231113b2018 mgb 000 0 por d
020 _a9788545004035
040 _aBR-CuiBMT
_cBR-CuiBMT
080 _22007
_a35.078.6:656.11
090 _a35.078.6:656.11
_bF866c
100 1 _aFreitas, Rafael Véras de
245 1 0 _aConcessão de rodovias :
_bde acordo com a Lei nº 13.334/2016, que cria o Programa de Parcerias de Investimentos (PPI), e com a Lei nº 13.448/2017, que disciplina a prorrogação e a relicitação /
_cRafael Véras de Freitas ; Prefácio, Floriano de Azevedo Marques Neto.
260 _aBelo Horizonte :
_bFórum,
_c2018.
300 _a277 p. ;
_c22 cm
504 _aInclui bibliografia.
590 _aA Biblioteca possui a 1. reimpr. 2018.
650 _aRodovias
_xConcessões públicas
_zBrasil
650 _aRodovias
_xAspectos jurídicos
_zBrasil
650 _aRodovias
_xAspectos econômicos
_zBrasil
650 _aConcessionárias
_xRegime jurídico
_zBrasil
942 _2udc
_cLV
999 _c691
_d691